FIFA 26: Top 100 Players - Statistics

General Stats
  • This quiz has been taken 198 times
  • The average score is 68 of 100
Answer Stats
Hint Answer % Correct
ST Kylian Mbappe
99%
ST Erling Haaland
97%
CDM Rodri
97%
LW Vinícius Jr.
97%
ST Harry Kane
95%
LW Heung Min Son
94%
GK Alisson
93%
CAM Lionel Messi
93%
GK Gianluigi Donnarumma
92%
CM Jude Bellingham
92%
RW Mohamed Salah
92%
CM Kevin De Bruyne
91%
GK Thibaut Courtois
91%
CB Virgil van Dijk
91%
ST Cristiano Ronaldo
90%
ST Lautaro Martinez
90%
CAM Martin Ødegaard
90%
CAM Antoine Griezmann
86%
GK Ederson
86%
GK Emiliano Martínez
86%
CAM Florian Wirtz
85%
ST Robert Lewandowski
85%
GK Marc-Andre ter Stegen
84%
CB Rúben Dias
84%
CDM Declan Rice
82%
CAM Bernardo Silva
81%
GK Jan Oblak
81%
LM Bukayo Saka
80%
CB Antonio Rudiger
79%
CAM Phil Foden
79%
CM Federico Valverde
78%
CM Pedri
77%
RM Rodrygo
77%
CB William Saliba
77%
CAM Bruno Fernandes
75%
CAM Jamal Musiala
75%
LW Neymar Jr
75%
LM Ousmane Dembele
75%
CB Gabriel
74%
CDM Joshua Kimmich
73%
CB Marquinhos
73%
ST Alexander Isak
72%
CM Frenkie de Jong
72%
LW Rafael Leão
72%
GK Manuel Neuer
71%
ST Victor Osimhen
71%
CF Karim Benzema
70%
LWB Theo Hernandez
69%
CAM Paolo Dybala
68%
RB Carvajal
67%
LB Grimaldo
67%
CM Luka Modric
67%
GK Mike Maignan
67%
CB Alessandro Bastoni
66%
CDM N'Golo Kanté
66%
LM Sadio Mane
65%
GK Yann Sommer
65%
CDM Aurelien Tchouaméni
64%
CAM Cole Palmer
64%
CM Ilkay Gundogan
63%
LB Andrew Robertson
62%
CM Nicolo Barella
62%
CDM Granit Xhaka
61%
RM Nico Williams
61%
GK Gregor Kobel
60%
CB John Stones
60%
CAM Alexis Mac Allister
59%
ST Ollie Watkins
59%
CM Bruno Guimarães
57%
CB Éder Militão
57%
LM Leroy Sane
57%
CDM Sandro Tonali
57%
GK Unai Simón
57%
CB Jonathan Tah
56%
LB Ferland Mendy
55%
RB Kyle Walker
55%
CM Trent Alexander-Arnold
54%
CAM Vitinha
53%
CB David Alaba
52%
LB João Cancelo
52%
CB Cristian Romero
51%
CAM Dani Olmo
51%
CAM James Maddison
50%
CB Bremer
49%
RW Riyad Mahrez
48%
ST Diogo Jota
47%
CM Hakan Çalhanoğlu
46%
CAM Julian Brandt
46%
CB Jules Kounde
45%
LM Kingsley Coman
45%
CB Ronald Araujo
45%
CAM Khvicha Kvaratskhelia
42%
CB Nico Schlotterbeck
42%
CM Sergej Milinković-Savić
40%
ST Lois Openda
39%
CM Merino
39%
GK Giorgi Mamardashvili
38%
CM Rodrigo De Paul
38%
CAM Christopher Nkunku
33%
CDM Palhinha
20%
No matching quizzes found
Score Distribution
Percent of People with Each Score
Percentile by Number Answered
Your Score History
You have not taken this quiz